000 00725nam a2200253 a 4500
001 BRCA_7764
005 20190320210001.0
008 300913s1958----u--a######---#000-0#eng-#
041 _aeng
044 _au
050 4 _aN5350
_b.S65 1958
100 1 _aStevenson Smith, William
_919216
245 1 0 _aThe art and architecture of ancient Egypt
_cW. Stevenson Smith.
260 _aBaltimore
_bPenguin
_cc1958
300 _axxvii, 301 p.
_bil., 192 láminas
_c27 cm.
440 0 _aPelican History of Art
_918817
500 _aX5
650 1 4 _aArte
_zEgipto
_917756
650 1 4 _aArquitectura
_zEgipto
_919217
650 1 4 _aArte
_xHistoria
_919218
650 1 4 _aArquitectura
_xHistoria
_91467
902 _aGFM
942 _2lcc
_cB
999 _c7438
_d7438